Normal view
MARC view
- Mujumdar, Arun S .
Entry Personal Name
001 - CONTROL NUMBER
- control field: 3309
003 - CONTROL NUMBER IDENTIFIER
- control field: OSt
005 - DATE AND TIME OF LATEST TRANSACTION
- control field: 20180917142303.0
008 - FIXED-LENGTH DATA ELEMENTS
- fixed length control field: 180917|| aca||aabn | a|a d
040 ## - CATALOGING SOURCE
- Original cataloging agency: OSt
- Transcribing agency: OSt
100 ## - HEADING--PERSONAL NAME
- Personal name: Mujumdar, Arun S .
670 ## - SOURCE DATA FOUND
- Source citation: Work cat.: (OSt)1976: Mujumdar, Arun S ., Advances in transport processes, Vol 4 / , 1986.
